000 01108nam a22003257a 4500
003 CHAP
005 20220329140637.0
008 971013s1972 r 00010 d
010 _a55231
011 _a56203
035 _a60356
040 _cCHAP
090 _aTesis
100 0 0 _aSarmiento González, Rugiero.
_9102644
245 _aEstudio preliminar de fertilización del frijol de riego en el Bajio
260 _aMonterrey, N. L. :
_bEl autor,
_c1972
300 _a43 h.
_b: gráfs.
502 _aTesis (Ing. Agronomo) -- Universidad Autónoma de Nuevo León. Fac. de Agronomía
590 _aALEPH
_b10
_c20130110
_lUCH01
_h1333
590 _aBATCH-UPD
_b10
_c20130110
_lUCH01
_h1203
590 _aBATCH-UPD
_b10
_c20130410
_lUCH01
_h0745
590 _aBATCH-UPD
_b10
_c20130914
_lUCH01
_h1400
590 _aCONVERSION
_b10
_c20130109
_lUCH01
_h1330
650 1 4 _aFertilizantes
_xEfecto en frijol.
_940511
650 1 4 _aFrijol
_xElementos minerales.
_943366
650 1 4 _aPlantas
_xDeficiencias nutritivas.
_988812
901 _aBK
942 _cTESIS
949 _bBC
_cTES
_d-130146
_eTS1
_h17016
_i60356
_si
999 _c55231
_d55231